000 00779nam a2200205 i 4500
001 154729
003 ES-MaACL
005 20250930063133.0
008 010315m18591869gw b |||| | fre d
040 _aCAM
_bspa
_cCAM
100 1 _aGrässe, Johann Georg Theodor,
_d1814-1885
_9155546
245 1 0 _aTresor de livres rares et précieux ou Nouveau dictionnaire bibliographique ... /
_cpar Jean George Théodore Graesse.
246 3 _aNouveau dictionnaire bibliographique
260 _aDresde :
_bRudolf Kuntze libraire-éditeur,
_c1859-1869 (
_fImp. chez B.G. Teubner)
300 _a8 v. ;
_c31 cm.
650 4 _aLibros raros-
_vBibliografías.
_9136416
752 _aAlemania -
_dDresde
852 _aES-MaACL
_jB-10882-89
_z-- Enc. hol.
999 _c154729
_d154729